Major scheme appraisal in local transport plans (Record no. 102944)

MARC details
000 -LEADER
fixed length control field 01063cam a2200217 4500
001 - CONTROL NUMBER
control field J122858
008 - FIXED-LENGTH DATA ELEMENTS--GENERAL INFORMATION
fixed length control field 030702n2003 000 0 eng u
035 ## - SYSTEM CONTROL NUMBER
System control number (Sirsi) u122858
041 ## - LANGUAGE CODE
Language code of text/sound track or separate title eng
050 ## - LIBRARY OF CONGRESS CALL NUMBER
Classification number 711.7
-- 18
110 ## - MAIN ENTRY--CORPORATE NAME
Corporate name or jurisdiction name as entry element DfT
9 (RLIN) 4403
245 ## - TITLE STATEMENT
Title Major scheme appraisal in local transport plans
Remainder of title part 1 - detailed guidance on public transport and highways schemes
250 ## - EDITION STATEMENT
Edition statement 3rd ed.
260 ## - PUBLICATION, DISTRIBUTION, ETC.
Place of publication, distribution, etc. London
Name of publisher, distributor, etc. DfT
Date of publication, distribution, etc. 2003
520 ## - SUMMARY, ETC.
Summary, etc. Sets out the procedures to be followed in the appraisal of major public transport and highway schemes bids as part of the Local Transport Plan (LTP) process. The submitted bid document should form Annex E to the Annual Progress Report (APR). The DfT requires a full appraisal in accordance with the guidance set out in this note. View at www.local-transport.dft.gov.uk.
650 ## - SUBJECT ADDED ENTRY--TOPICAL TERM
Topical term or geographic name entry element LOCAL TRANSPORT PLANS
650 ## - SUBJECT ADDED ENTRY--TOPICAL TERM
Topical term or geographic name entry element TRANSPORT PLANNING
690 ## - LOCAL SUBJECT ADDED ENTRY--TOPICAL TERM (OCLC, RLIN)
Topical term or geographic name as entry element TRANSPORT AND COMMUNICATIONS
856 ## - ELECTRONIC LOCATION AND ACCESS
Uniform Resource Identifier <a href="https://www.dft.gov.uk/webtag/documents/overview/unit1.4.php">https://www.dft.gov.uk/webtag/documents/overview/unit1.4.php</a>
Public note View the guidance on the DfT website.
942 ## - ADDED ENTRY ELEMENTS (KOHA)
Suppress in OPAC 0
Holdings
Withdrawn status Lost status Source of classification or shelving scheme Damaged status Not for loan Home library Current library Shelving location Date acquired Total Checkouts Full call number Barcode Date last seen Copy number Price effective from Koha item type
    Dewey Decimal Classification     Virtual Virtual Online 02/07/2003   ONLINE PUBLICATION 122858-1001 06/08/2019 1 06/08/2019 Book